Top 100 najlepszych zawodników NBA - Statystyki

Ogólne statystyki
  • Ten quiz został rozwiązany 251 razy
  • Średni wynik to 29 z 100
Statystyki odpowiedzi
# Okres kariery Gracz % Poprawnych
2 2004– LeBron James
98%
1 1984–2003 Michael Jordan
91%
11 1996–2016 Kobe Bryant
83%
10 2009– Stephen Curry
83%
13 2007– Kevin Durant
76%
6 1992–2011 Shaquille O'Neal
72%
8 1979–1992 Larry Bird
70%
3 1970–1989 Kareem Abdul-Jabbar
69%
17 2015– Nikola Jokić
69%
34 2009– James Harden
68%
9 1952–1973 Wilt Chamberlain
66%
57 2019– Luka Dončić
65%
4 1980–1996 Magic Johnson
64%
7 1997–2016 Tim Duncan
60%
24 2014– Giannis Antetokounmpo
54%
28 1987–2004 Scottie Pippen
53%
18 1998–2019 Dirk Nowitzki
52%
5 1956–1969 Bill Russell
51%
48 2008– Russell Westbrook
49%
36 1996–2011 Allen Iverson
48%
30 2005– Chris Paul
47%
67 1987–2000 Dennis Rodman
45%
12 1984–2002 Hakeem Olajuwon
45%
69 2011– Kyrie Irving
45%
45 2012– Anthony Davis
42%
32 2011– Kawhi Leonard
42%
35 1996–2015 Steve Nash
42%
22 1985–2004 Karl Malone
41%
66 2017– Joel Embiid
40%
15 1960–1974 Jerry West
37%
16 1995–2016 Kevin Garnett
36%
98 2011– Klay Thompson
36%
60 2003–2022 Carmelo Anthony
35%
29 1984–2003 John Stockton
32%
25 1984–2000 Charles Barkley
31%
93 2017– Jayson Tatum
31%
19 1989–2003 David Robinson
30%
14 1960–1974 Oscar Robertson
30%
21 1974–1995 Moses Malone
29%
86 2002–2019 Tony Parker
29%
65 1998–2020 Vince Carter
29%
52 2004–2023 Dwight Howard
28%
64 2012– Damian Lillard
26%
78 2010– Paul George
26%
71 2003–2017 Chris Bosh
25%
23 2003–2019 Dwyane Wade
25%
88 2012– Draymond Green
24%
20 1971–1987 Julius Erving
24%
51 1996–2014 Ray Allen
24%
53 1990–2007 Gary Payton
23%
37 1950–1970 Bob Cousy
22%
27 1981–1994 Isiah Thomas
22%
40 1985–2002 Patrick Ewing
21%
62 2002–2019 Pau Gasol
21%
49 1998–2017 Paul Pierce
21%
59 1997–2013 Tracy McGrady
21%
38 1954–1965 Bob Pettit
20%
33 1994–2013 Jason Kidd
20%
83 2011– Jimmy Butler
20%
39 1983–1998 Clyde Drexler
17%
31 1962–1978 John Havlicek
16%
54 1987–2005 Reggie Miller
16%
55 1974–1988 Bill Walton
15%
26 1958–1971 Elgin Baylor
15%
63 1982–1994 James Worthy
13%
46 1980–1993 Kevin McHale
12%
68 1976–1997 Robert Parish
12%
70 1968–1981 Wes Unseld
12%
81 1991–2009 Dikembe Mutombo
11%
75 2003–2018 Manu Ginobili
11%
87 1992–2008 Alonzo Mourning
10%
61 1972–1992 Bob McAdoo
10%
79 1994–2013 Grant Hill
10%
77 1970–1980 Pete Maravich
10%
41 1965–1980 Rick Barry
10%
50 1982–1999 Dominique Wilkins
9%
42 1972–1990 George Gervin
9%
44 1946–1956 George Mikan
9%
58 1964–1974 Willis Reed
9%
96 1985–1999 Joe Dumars
8%
43 1967–1979 Walt Frazier
8%
100 1971–1989 Artis Gilmore
7%
91 1997–2014 Chauncey Billups
7%
90 1993–2008 Chris Webber
7%
76 1976–1992 Alex English
6%
74 1970–1983 Dave Cowens
6%
47 1968–1984 Elvin Hayes
6%
56 1948–1964 Dolph Schayes
5%
72 1950–1965 Paul Arizin
5%
97 1977–1993 Bernard King
4%
84 1976–1992 Adrian Dantley
3%
94 1950–1962 Bill Sharman
3%
82 1970–1984 Bob Lanier
3%
89 1967–1980 Earl Monroe
3%
73 1958–1973 Hal Greer
3%
92 1960–1975 Lenny Wilkens
3%
85 1957–1969 Sam Jones
3%
99 1966–1978 Dave Bing
2%
95 1962–1974 Dave DeBusschere
2%
80 1970–1984 Tiny Archibald
1%
Nie znaleziono quizów pasujących do podanych kryteriów
Rozkład punktacji
Procent ludzi z każdym wynikiem
Percentyl według liczby udzielonych odpowiedzi
Twoja historia wyników
Nie rozwiązałeś tego quizu